000 00197nam a2200085Ia 4500
008 170620s9999 xx 000 0 und d
100 _aMishra-R.C
245 0 _aClassroom Management
260 _bNew Delhi- A.P.H
260 _c2011
999 _c25724
_d25724